| 000 | 00983nam a22003257a 4500 | ||
|---|---|---|---|
| 003 | CHAP | ||
| 005 | 20220329135327.0 | ||
| 008 | 971013s1969 r 00010 d | ||
| 010 | _a34469 | ||
| 011 | _a35441 | ||
| 035 | _a39557 | ||
| 040 | _cCHAP | ||
| 082 |
_a150 _bM3 |
||
| 100 | 0 | 0 |
_aMerani, Alberto L. _974866 |
| 245 |
_aPsicología y pedagogía _b: las ideas pedagógicas de henri Wallon |
||
| 260 |
_aMéxico, D.F. : _bGrijalbo, _c1969 |
||
| 300 | _a287 p | ||
| 490 | _aColección pedagógica | ||
| 590 |
_aBATCH-UPD _b10 _c20130110 _lUCH01 _h0941 |
||
| 590 |
_aBATCH-UPD _b10 _c20130410 _lUCH01 _h0557 |
||
| 590 |
_aBATCH-UPD _b10 _c20130914 _lUCH01 _h1309 |
||
| 590 |
_aCONVERSION _b10 _c20130109 _lUCH01 _h1319 |
||
| 650 | 1 | 4 |
_aEnseñanza. _937085 |
| 650 | 1 | 4 |
_aPsicología. _992597 |
| 700 | 0 |
_aWallon, Henri. _9120946 |
|
| 830 | 0 |
_aColección pedagógica _924948 |
|
| 901 | _aBK | ||
| 942 | _cLIBRO | ||
| 949 |
_a150 M3 _bBC _cLIBRO _d-90193 _eLIBRO _h45660 _i39557 _si _t56.00 |
||
| 999 |
_c34469 _d34469 |
||